Obstáculos a la verificación del Acuerdo de Paz en Centroamérica /
Dentro de los principales obstáculos para la verificación de los acuerdos de paz en Centroamérica se deben citar: los geográficos, Centroamérica es dominada por una cordillera central con zonas costeras, como el pacífico y el caribe, otro problema a tener presente es el de la distribución de la pobl...
保存先:
| 第一著者: | |
|---|---|
| フォーマット: | テキスト |
| 言語: | Spanish |
| 主題: | |
| タグ: |
タグ追加
タグなし, このレコードへの初めてのタグを付けませんか!
|
MARC
| LEADER | 00000 a a2200000 04500 | ||
|---|---|---|---|
| 001 | 2851 | ||
| 003 | cru CIDCACS/IIS | ||
| 005 | 20230615104844.0 | ||
| 008 | 230615b |||||||| |||| 00| 0 spa d | ||
| 040 | |c cru CIDCACS/IIS | ||
| 100 | |a Klepak, H. P. | ||
| 245 | |a Obstáculos a la verificación del Acuerdo de Paz en Centroamérica / |c H. P. Klepak | ||
| 500 | |a Colección Centroamérica | ||
| 520 | |a Dentro de los principales obstáculos para la verificación de los acuerdos de paz en Centroamérica se deben citar: los geográficos, Centroamérica es dominada por una cordillera central con zonas costeras, como el pacífico y el caribe, otro problema a tener presente es el de la distribución de la población, así como el sistema de comunicación terrestre, el cual no se encuentra bien desarrollado debido en gran parte a que los grupos insurgentes se ubican en lugares estratégicos, como las zonas limítrofes. Para llevar a cabo la verificación, se hace necesario superar estos obstáculos y una amplia cooperación internacional. Los países que se han mostrado más interesados en ayudar a superar estos problemas son: Alemania, España y Canadá. La verificación dependerá de una serie de disposiciones donde es necesaria la flexibilidad y la movilización que permitan la inspección de los acuerdos de paz de Esquipulas II. OB/MR | ||
| 650 | |a PAZ | ||
| 650 | |a ONU | ||
| 650 | |a DISTRIBUCION DE LA POBLACION | ||
| 650 | |a MOVILIDAD SOCIAL | ||
| 650 | |a PROBLEMAS POLITICOS | ||
| 650 | |a PROBLEMAS SOCIALES | ||
| 650 | |a INTERVENCION EXTRANJERA | ||
| 650 | |a PARTIDOS POLITICOS | ||
| 650 | |a MILITARISMO | ||
| 650 | |a MEDIOS DE COMUNICACION | ||
| 650 | |a FUERZAS ARMADAS | ||
| 650 | |a COOPERACION INTERNACIONAL | ||
| 773 | |g número 2; páginas 1-6 | ||
| 773 | 0 | |0 43063 |9 4586 |a FLACSO, Costa Rica |d San José, Costa Rica, FLACSO |o 22914 |t Centroamérica Internacional / | |
| 942 | |2 ddc |c PP | ||
| 999 | |c 39910 |d 39910 | ||
